00394pab a2200145 454500008004000000100002100040245006100061260000900122300001100131362000800142650002800150650002200178650001400200773003400214180718b1995 xxu||||| |||| 00| 0 eng d aDraper, James A. aThe act of volunteering: an adult educator's perspective c1995 ap.3-15 aJan aAdult education - India aEducation - India aEducation aIndian Journal of Social Work